Statistics for Animal Alphabet

Click here to take the quiz!

General Stats

  • This quiz has been taken 118 times
  • The average score is 18 of 26

Answer Stats

LetterClueAnswer% Correct
CHumped mammalCamel
93%
AArmoured mammalArmadillo
92%
BFlying mammalBat
89%
JJungle catJaguar
84%
ILarge lizardIguana
82%
FPink birdFlamingo
80%
GLargest apeGorilla
80%
KJumping marsupialKangaroo
80%
RHorned mammalRhino
80%
VScavenger birdVulture
79%
ZStriped equineZebra
79%
LMadagascan primateLemur
77%
YWild oxYak
77%
QGame birdQuail
75%
SSlow, smelly mammalSloth
75%
TStriped carnivoreTiger
75%
OSwimming mammalOtter
72%
WWild pig (Pumbaa)Warthog
72%
EGiant birdEmu
70%
HPainted dogHyena
64%
PSwimming birdPenguin
62%
MSquirrel-sized mongoose (Timon)Meerkat
56%
DSmall deerDik Dik
41%
UWild sheepUrial
36%
NBanded anteaterNumbat
33%
XAfrican ground squirrelXerus
28%

Score Distribution

Percentile by Number Answered

Percent of People with Each Score

Your Score History

You have not taken this quiz